TripAdvisor 2018 Travellers' Choice Top 25 Destinations in the World - Statistics

General Stats
  • This quiz has been taken 702 times
  • The average score is 11 of 25
Answer Stats
Region Rank Destination % Correct
Western Europe 1 Paris, France
94%
Western Europe 2 London, United Kingdom
90%
Western Europe 3 Rome, Italy
80%
Western Europe 6 Barcelona, Spain
73%
East Asia 18 Tokyo, Japan
72%
North America 10 New York City, New York
66%
Oceania 25 Sydney, Australia
63%
South America 24 Rio de Janeiro, Brazil
61%
Eurasia 9 Istanbul, Turkey
58%
Middle East 17 Dubai, United Arab Emirates
47%
Western Europe 16 Lisbon, Portugal
47%
East Asia 20 Hong Kong, China
43%
Southeast Asia* 4 Bali, Indonesia
40%
South Asia 22 New Delhi, India
38%
Southeast Asia 12 Hanoi, Vietnam
36%
Eastern Europe 7 Prague, Czech Republic
34%
Caribbean* 14 Jamaica
30%
Southern Europe* 5 Crete, Greece
23%
Southeast Asia* 11 Phuket, Thailand
19%
North Africa 8 Marrakech, Morocco
17%
Southeast Asia 13 Siem Reap, Cambodia
7%
South America 23 Cusco, Peru
6%
South Asia 19 Kathmandu, Nepal
6%
North Africa 21 Hurghada, Egypt
2%
Caribbean 15 Playa del Carmen, Mexico
1%
No matching quizzes found
Score Distribution
Percent of People with Each Score
Percentile by Number Answered
Your Score History
You have not taken this quiz